[Event "Cecil John Seddon Purdy "]
[Site "SchemingMind.com"]
[Date "2009.04.11"]
[Round "-"]
[White "Space"]
[Black "mokhtar"]
[Result "1-0"]
[WhiteCountry "SWE"]
[BlackCountry "YEM"]
[WhiteElo "2177"]
[WhiteRD "79"]
[BlackElo "2010"]
[BlackRD "104"]
[GameID "200037"]

1. e4 c5 2. Nf3 d6 3. d4 cxd4 4. Nxd4 Nf6 5. Nc3 Nc6 6. Bg5 e6 7. Qd2 a6 8. O-O-O Bd7 9. f4 b5 10. Bxf6 gxf6
11. Nxc6 Bxc6 12. Qe1 Be7 13. Bd3 Qb6 14. Kb1 Rg8 15. Qh4= Rxg2 16. Qxh7 Qe3 17. f5 b4 18. Rde1 Qd4 19. Ne2 Qe5 20. Ng3 Rc8
21. fxe6 fxe6 22. Nf5 Bf8 23. Qh5+ Kd8 24. Qf7 exf5 25. exf5 Qd4 26. h4 Rb8 27. h5 Bh6 28. Qe7+ Kc8 29. Bxa6+ Rb7 30. Bxb7+ Bxb7
31. Rh4 Bf4 32. Qe8+ Kc7 33. Rxf4 Qxf4 34. Re7+ Kb6 35. Rxb7+ Kxb7 36. Qb5+ Kc7 37. Qa5+ Kc6 38. Qa8+ Kc5 39. Qxg2 Qh4 40. Qg1+ Kd5
41. Qd1+ Ke5 42. a4 bxa3 43. bxa3 d5 44. Kb2 Qf2 45. Qd3 Qh2 46. Qf3 Qd2 47. Qc3+
1-0

[Event "Cecil John Seddon Purdy "]
[Site "SchemingMind.com"]
[Date "2009.04.11"]
[Round "-"]
[White "mokhtar"]
[Black "Space"]
[Result "0-1"]
[WhiteCountry "YEM"]
[BlackCountry "SWE"]
[WhiteElo "2010"]
[WhiteRD "104"]
[BlackElo "2177"]
[BlackRD "79"]
[GameID "200038"]

1. e4 c5 2. Nf3 d6 3. Bb5+ Bd7 4. Bxd7+ Qxd7 5. c4 Nf6 6. Nc3 Nc6 7. O-O g6 8. d4 cxd4 9. Nxd4 Bg7 10. Nde2 O-O
11. f3 e6 12. Bg5 h6 13. Be3 Rad8 14. Nf4 b6 15. Qc2 Qb7= 16. Rad1 Rd7 17. Rfe1 Rfd8 18. b3 g5 19. Nd3 d5 20. cxd5 exd5
21. e5 Ne8 22. Bf2 d4 23. Na4 Nc7 24. Rc1 Ne7 25. Nab2 Ne6 26. Nc4 Rc7 27. Qb1 Ng6 28. a4 Qd5 29. Re4 b5 30. axb5 Qxb5
31. Rc2 Rd5 32. Bg3 h5 33. Re1 h4 34. Nd6 Qxd3 35. Rxc7 Qxb1 36. Rc8+ Kh7 37. Rxb1 hxg3 38. hxg3 Nxe5 39. Nc4 Kg6 40. Rd1 Nxc4
41. bxc4 Ra5 42. Rd2 Bf8 43. Kf2 Bc5 44. Ke2 Bb4 45. Rd1 Ra2+ 46. Kf1 a5 47. Rc6 Kf5 48. g4+ Kf4 49. Rb6 Kg3
0-1

[Event "Cecil John Seddon Purdy "]
[Site "SchemingMind.com"]
[Date "2009.04.12"]
[Round "-"]
[White "Cesar Fuertes"]
[Black "Space"]
[Result "0-1"]
[WhiteCountry "ARG"]
[BlackCountry "SWE"]
[WhiteElo "1937"]
[WhiteRD "86"]
[BlackElo "2167"]
[BlackRD "81"]
[GameID "200141"]

1. d4 Nf6 2. c4 e6 3. Nc3 Bb4 4. e3 c5 5. Bd3 Nc6 6. Nf3 Bxc3+ 7. bxc3 d6 8. O-O e5 9. d5 Ne7 10. e4 Ng6
11. Bg5 h6 12. Bd2 O-O 13. Ne1 Nh7 14. Rb1 b6 15. Nc2 Nf4 16. Bxf4 exf4 17. f3 Re8 18. a4 Nf8 19. Qd2 Ng6 20. Na3 Ne5
21. a5 bxa5
0-1

[Event "Cecil John Seddon Purdy "]
[Site "SchemingMind.com"]
[Date "2009.04.12"]
[Round "-"]
[White "Cesar Fuertes"]
[Black "mokhtar"]
[Result "0-1"]
[WhiteCountry "ARG"]
[BlackCountry "YEM"]
[WhiteElo "1937"]
[WhiteRD "86"]
[BlackElo "2110"]
[BlackRD "119"]
[GameID "200142"]

1. d4 Nf6 2. c4 g6 3. Nc3 Bg7 4. e4 d6 5. Nf3 O-O 6. Be2 e5 7. O-O exd4 8. Nxd4 Re8 9. f3 Nc6 10. Be3 Nh5
11. Nxc6 bxc6 12. Qd2 Qe7 13. Rad1 Be5 14. Bd3 Bd7 15. f4 Bg7 16. Rde1 a5 17. Be2 Bxc3 18. Qxc3 Nf6 19. e5 dxe5 20. fxe5 Ne4
21. Qc2 Qe6 22. Qxe4 Qxe5 23. Qxe5 Rxe5 24. Bf4 Re4
0-1

[Event "Cecil John Seddon Purdy "]
[Site "SchemingMind.com"]
[Date "2009.04.12"]
[Round "-"]
[White "Space"]
[Black "Cesar Fuertes"]
[Result "1-0"]
[WhiteCountry "SWE"]
[BlackCountry "ARG"]
[WhiteElo "2167"]
[WhiteRD "81"]
[BlackElo "1937"]
[BlackRD "86"]
[GameID "200143"]

1. e4 c5 2. Nf3 d6 3. d4 cxd4 4. Nxd4 Nf6 5. Nc3 g6 6. Be3 Bg7 7. f3 O-O 8. Qd2 Nc6 9. Bc4 Bd7 10. O-O-O Rc8
11. Bb3 Ne5 12. h4 h5 13. Bg5 Nc4 14. Qe2 Na5 15. Kb1 Nxb3 16. axb3 a6 17. Qd2 Kh7 18. g4 hxg4 19. h5 Nxh5 20. fxg4 Bxg4
21. Rdg1 Bxd4 22. Qxd4 e5 23. Qd2
1-0

[Event "Cecil John Seddon Purdy "]
[Site "SchemingMind.com"]
[Date "2009.04.12"]
[Round "-"]
[White "mokhtar"]
[Black "Cesar Fuertes"]
[Result "1-0"]
[WhiteCountry "YEM"]
[BlackCountry "ARG"]
[WhiteElo "2110"]
[WhiteRD "119"]
[BlackElo "1937"]
[BlackRD "86"]
[GameID "200144"]

1. e4 c5 2. Nf3 d6 3. d4 cxd4 4. Nxd4 Nf6 5. Nc3 g6 6. Be2 Bg7 7. O-O O-O 8. Nb3 Nc6 9. Be3 Be6 10. f4 Qd7
11. h3 Rac8 12. Qd2 a6 13. Bb6 Nb4 14. Nd4 Nc6 15. Bd3 Nxd4 16. Bxd4 b5 17. a3 Bc4 18. f5 e6 19. Rad1 Qb7 20. fxg6 fxg6
21. Rf3 Rf7 22. Rdf1 Rcf8 23. Be3 d5 24. exd5 Nxd5 25. Rxf7
1-0

[Event "Cecil John Seddon Purdy "]
[Site "SchemingMind.com"]
[Date "2009.04.19"]
[Round "-"]
[White "MazetaFighter"]
[Black "Cesar Fuertes"]
[Result "1-0"]
[WhiteCountry "GRE"]
[BlackCountry "ARG"]
[WhiteElo "2011"]
[WhiteRD "61"]
[BlackElo "1937"]
[BlackRD "86"]
[GameID "200989"]

1. d4 Nf6 2. c4 g6 3. Nc3 Bg7 4. e4 d6 5. f3 O-O 6. Be3 Nbd7 7. Qd2 c5 8. d5 Ne5 9. Bg5 a6 10. f4 Ned7
11. Nf3 Rb8 12. a4 Re8 13. Be2 Qa5 14. O-O Nb6 15. e5 Nfd7 16. Qe3 Qb4 17. exd6
1-0

[Event "Cecil John Seddon Purdy "]
[Site "SchemingMind.com"]
[Date "2009.04.19"]
[Round "-"]
[White "MazetaFighter"]
[Black "Space"]
[Result "1/2-1/2"]
[WhiteCountry "GRE"]
[BlackCountry "SWE"]
[WhiteElo "1994"]
[WhiteRD "61"]
[BlackElo "2112"]
[BlackRD "81"]
[GameID "200990"]

1. d4 Nf6 2. c4 e6 3. Nc3 Bb4 4. Qc2 O-O 5. a3 Bxc3+ 6. Qxc3 b5 7. cxb5 c6 8. Bg5 cxb5 9. e3 Bb7 10. Nf3 a6
11. Bd3 h6 12. Bh4 d6 13. O-O Nbd7 14. Rfc1 Qb6 15. Qc7 Rac8 16. Qxb6 Nxb6=
1/2-1/2

[Event "Cecil John Seddon Purdy "]
[Site "SchemingMind.com"]
[Date "2009.04.19"]
[Round "-"]
[White "MazetaFighter"]
[Black "mokhtar"]
[Result "0-1"]
[WhiteCountry "GRE"]
[BlackCountry "YEM"]
[WhiteElo "2011"]
[WhiteRD "61"]
[BlackElo "2110"]
[BlackRD "119"]
[GameID "200991"]

1. d4 Nf6 2. c4 e6 3. Nc3 Nc6 4. Nf3 Bb4 5. Qc2 d6 6. Bd2 O-O 7. a3 Bxc3 8. Bxc3 Qe7 9. e3 e5 10. dxe5 dxe5
11. b4 Bg4 12. Be2 e4 13. Nd4 Ne5 14. O-O Rfd8 15. Rad1 c5 16. bxc5 Qxc5 17. Bb4 Qc7 18. f3 exf3 19. Bxf3 a5 20. Be1 Bxf3
21. gxf3 Nxc4 22. Rc1 Rac8 23. Bh4 Qe7 24. Bxf6 Qxf6 25. Qf5 Qe7 26. Rfe1 g6 27. Qd3 Nxa3
0-1

[Event "Cecil John Seddon Purdy "]
[Site "SchemingMind.com"]
[Date "2009.04.19"]
[Round "-"]
[White "Cesar Fuertes"]
[Black "MazetaFighter"]
[Result "0-1"]
[WhiteCountry "ARG"]
[BlackCountry "GRE"]
[WhiteElo "1937"]
[WhiteRD "86"]
[BlackElo "2011"]
[BlackRD "61"]
[GameID "200992"]

1. d4 Nf6 2. c4 e6 3. Nc3 Bb4 4. e3 O-O 5. Bd3 d5 6. Nf3 c5 7. O-O dxc4 8. Bxc4 cxd4 9. exd4 b6 10. Qb3 Bxc3
11. bxc3 Nc6 12. Bd3 Bb7 13. Bg5 Rc8 14. Rac1 Na5 15. Qd1 h6 16. Bh4 Bxf3 17. Qxf3 g5 18. Ba6 Ra8 19. Bg3 Nd5
0-1

[Event "Cecil John Seddon Purdy "]
[Site "SchemingMind.com"]
[Date "2009.04.19"]
[Round "-"]
[White "Space"]
[Black "MazetaFighter"]
[Result "1-0"]
[WhiteCountry "SWE"]
[BlackCountry "GRE"]
[WhiteElo "2167"]
[WhiteRD "81"]
[BlackElo "2011"]
[BlackRD "61"]
[GameID "200993"]

1. e4 e5 2. Nf3 Nc6 3. Bb5 a6 4. Ba4 Nf6 5. O-O Be7 6. Re1 b5 7. Bb3 d6 8. c3 O-O 9. h3 Nd7 10. d4 Bf6
11. a4 Bb7 12. Na3 exd4 13. cxd4 Re8 14. axb5 axb5 15. Bf4 Na5 16. Bc2 b4 17. Nb5 Bc6 18. Qd3 b3 19. Bb1 Qb8 20. e5 g6
21. Nxd6 cxd6 22. exf6 Rxe1+ 23. Nxe1 Nxf6= 24. Nf3 Be4 25. Qe2 Bxb1 26. Rxb1 Nd5 27. Bg3 Nc6 28. Qc4 Nde7 29. Re1 Ra7 30. Ng5 Nd8
31. d5 Rc7 32. Qh4 h5 33. Bxd6
1-0

[Event "Cecil John Seddon Purdy "]
[Site "SchemingMind.com"]
[Date "2009.04.19"]
[Round "-"]
[White "mokhtar"]
[Black "MazetaFighter"]
[Result "1-0"]
[WhiteCountry "YEM"]
[BlackCountry "GRE"]
[WhiteElo "2100"]
[WhiteRD "161"]
[BlackElo "1994"]
[BlackRD "61"]
[GameID "200994"]

1. e4 e5 2. Nf3 Nc6 3. Bb5 a6 4. Bxc6 dxc6 5. O-O f6 6. d3 Be6 7. Be3 Qd7 8. Nc3 Bd6 9. d4 exd4 10. Nxd4 Bc4
11. Re1 c5 12. Nf5 O-O-O 13. Qf3 g6 14. Nxd6+ cxd6 15. Rad1 Qc6 16. Qg4+ Qd7 17. Qg3 Qc6 18. Bf4 Be6 19. Bxd6 h5 20. h4 Nh6
21. Be7
1-0

[Event "Cecil John Seddon Purdy "]
[Site "SchemingMind.com"]
[Date "2009.04.19"]
[Round "-"]
[White "fjpv"]
[Black "Cesar Fuertes"]
[Result "1-0"]
[WhiteCountry "POR"]
[BlackCountry "ARG"]
[WhiteElo "2463"]
[WhiteRD "81"]
[BlackElo "1937"]
[BlackRD "86"]
[GameID "201021"]

1. e4 g6 2. c4 Bg7 3. d4 d6 4. Nc3 Nf6 5. Nf3 O-O 6. Be2 e5 7. dxe5 dxe5 8. Qxd8 Rxd8 9. Bg5 c6 10. Nxe5 Re8
11. Rd1 h6 12. Bf4 Na6 13. f3 g5 14. Bg3 Nh5 15. Nd3 Nxg3 16. hxg3 Be6 17. f4
1-0

[Event "Cecil John Seddon Purdy "]
[Site "SchemingMind.com"]
[Date "2009.04.19"]
[Round "-"]
[White "fjpv"]
[Black "Space"]
[Result "1/2-1/2"]
[WhiteCountry "POR"]
[BlackCountry "SWE"]
[WhiteElo "2481"]
[WhiteRD "79"]
[BlackElo "2168"]
[BlackRD "84"]
[GameID "201022"]

1. e4 c5 2. d4 cxd4 3. c3 dxc3 4. Nxc3 Nc6 5. Nf3 d6 6. Bc4 a6 7. O-O Nf6 8. Bf4 Bg4 9. Qb3 e6 10. Be2 Qb8
11. h3 Bxf3 12. Bxf3 Be7 13. Rfd1 Ne5 14. Be2 O-O 15. a4 b6 16. Be3 Nfd7 17. f4 Nc6 18. Qc4 Rc8 19. Rac1 Nc5 20. f5 Na5
21. Qa2 Nab3 22. Rc2 d5 23. fxe6 fxe6 24. exd5 Qe5 25. Bf2 Bd6 26. Bf3 Qh2+ 27. Kf1 e5 28. Bg1 Qf4 29. Bxc5 Nxc5 30. Qb1 Rf8
31. Re2 Qh2 32. b4 e4 33. Nxe4 Nxe4 34. Qxe4 Qh1+ 35. Kf2 Qxd1 36. Qe6+ Kh8 37. Qxd6 Qd4+ 38. Kg3 Rad8 39. Qc7 Qxb4=
1/2-1/2

[Event "Cecil John Seddon Purdy "]
[Site "SchemingMind.com"]
[Date "2009.04.19"]
[Round "-"]
[White "fjpv"]
[Black "MazetaFighter"]
[Result "1-0"]
[WhiteCountry "POR"]
[BlackCountry "GRE"]
[WhiteElo "2463"]
[WhiteRD "81"]
[BlackElo "2011"]
[BlackRD "61"]
[GameID "201023"]

1. e4 e5 2. Nf3 Nc6 3. d4 exd4 4. Nxd4 Bc5 5. Be3 Qf6 6. c3 Nge7 7. Bc4 O-O 8. O-O Bb6 9. Na3 d6 10. Ndb5 a6
11. Nxd6 Bxe3 12. Nxc8 Raxc8 13. fxe3 Qg6 14. Qf3 Ne5 15. Qf4 Nxc4 16. Nxc4 Nc6 17. Rad1 Rfe8 18. Rd7 Nd8 19. Ne5 Qe6 20. Rfd1 Qb6
21. Nxf7 Ne6 22. Nh6+ Kh8 23. Qf2 Rf8 24. Nf5
1-0

[Event "Cecil John Seddon Purdy "]
[Site "SchemingMind.com"]
[Date "2009.04.19"]
[Round "-"]
[White "fjpv"]
[Black "mokhtar"]
[Result "1-0"]
[WhiteCountry "POR"]
[BlackCountry "YEM"]
[WhiteElo "2481"]
[WhiteRD "79"]
[BlackElo "2047"]
[BlackRD "106"]
[GameID "201024"]

1. e4 c5 2. d4 cxd4 3. c3 Nf6 4. e5 Nd5 5. Nf3 Nc6 6. cxd4 d6 7. Bc4 Nb6 8. Bb5 dxe5 9. Nxe5 Bd7 10. Bxc6 Bxc6
11. O-O e6 12. Nc3 Bd6 13. Qg4 O-O 14. Bg5 f5 15. Bxd8 fxg4 16. Nxc6 bxc6 17. Bg5 Bf4 18. Be7 Rf5 19. g3 Bc7 20. Ne4 Nd5
21. Bc5 e5 22. Rac1 a5 23. Rfd1 Re8 24. Re1 Re6 25. Nd2 Kf7 26. Re2 Nf6 27. Kg2 Rh5 28. Nc4 e4 29. Rce1 Kg6 30. Re3 Rd5
31. Rb3
1-0

[Event "Cecil John Seddon Purdy "]
[Site "SchemingMind.com"]
[Date "2009.04.21"]
[Round "-"]
[White "Cesar Fuertes"]
[Black "fjpv"]
[Result "0-1"]
[WhiteCountry "ARG"]
[BlackCountry "POR"]
[WhiteElo "1937"]
[WhiteRD "86"]
[BlackElo "2463"]
[BlackRD "81"]
[GameID "201025"]

1. d4 d5 2. c4 dxc4 3. Nc3 c6 4. e3 b5 5. a4 b4 6. Na2 a5 7. Bxc4 Nf6 8. Nf3 e6 9. O-O Bb7 10. Qe2 Nbd7
11. e4 Be7 12. Bg5 h6 13. Bh4 g5 14. Bg3 Nb6 15. Bd3 g4
0-1

[Event "Cecil John Seddon Purdy "]
[Site "SchemingMind.com"]
[Date "2009.04.19"]
[Round "-"]
[White "Space"]
[Black "fjpv"]
[Result "0-1"]
[WhiteCountry "SWE"]
[BlackCountry "POR"]
[WhiteElo "2177"]
[WhiteRD "79"]
[BlackElo "2465"]
[BlackRD "81"]
[GameID "201026"]

1. e4 e5 2. Nf3 Nf6 3. Nxe5 d6 4. Nf3 Nxe4 5. d4 d5 6. Bd3 Nc6 7. O-O Bf5 8. Re1 Bb4 9. c3 Be7 10. c4 Nb4
11. Bf1 O-O 12. a3 Nc6 13. cxd5 Qxd5 14. Nc3 Nxc3 15. bxc3 Rae8 16. Ne5 Bf6 17. f4= Nxe5 18. fxe5 Be7 19. Bd3 Bxd3 20. Qxd3= Rd8
21. Re3 f6 22. e6 Rd6 23. Qe4 c5 24. Bb2 Qb3 25. Re2 f5 26. Qe5 cxd4 27. cxd4 Rf6 28. d5 Rxd5 29. Qc7 Bd8 30. Qc3 Bb6+
31. Kf1 Qxc3 32. Bxc3 Rf8 33. Rb1 Rc8 34. Bd2 Kf8 35. a4 Rc7 36. g3 Ke8 37. a5 Bc5 38. Bf4 Bd6 39. Bxd6 Rxd6 40. Reb2 Rxe6
41. Rxb7 Rxb7 42. Rxb7 Re7 43. a6= g6 44. Kg2 Kd8 45. Rb4 Kd7 46. g4 fxg4 47. Rxg4 Re6 48. Rb4 Rc6 49. Kf3 Kc8 50. Rb7 Rc7
51. Rb4 h6 52. Ke4 Rc6 53. Ra4 Kc7 54. Kd5 Rf6 55. Ra2 g5 56. Ke5 Rg6
0-1

[Event "Cecil John Seddon Purdy "]
[Site "SchemingMind.com"]
[Date "2009.04.19"]
[Round "-"]
[White "MazetaFighter"]
[Black "fjpv"]
[Result "0-1"]
[WhiteCountry "GRE"]
[BlackCountry "POR"]
[WhiteElo "2004"]
[WhiteRD "61"]
[BlackElo "2481"]
[BlackRD "79"]
[GameID "201027"]

1. d4 d5 2. c4 dxc4 3. e4 e5 4. Nf3 exd4 5. Bxc4 Bb4+ 6. Nbd2 Nc6 7. O-O Nf6 8. e5 Nd7 9. e6 fxe6 10. Bxe6 Nc5
11. Bxc8 Rxc8 12. Re1+ Kf7 13. a3 Bxd2 14. Qxd2 Re8 15. Qf4+ Qf6 16. Rxe8 Qxf4 17. Bxf4 Kxe8 18. Re1+ Kf7 19. b4 Ne6 20. Bd2 a6
21. a4 b5 22. axb5 axb5 23. Rc1 Ncd8 24. Ne5+ Kf6 25. Nd7+ Ke7 26. Ne5 g6 27. Kf1 Ra8 28. Ke2 Ra2 29. Kd3 Kd6 30. f4 c5
31. bxc5+ Nxc5+ 32. Ke2 Nde6 33. Nf7+ Kd5
0-1

[Event "Cecil John Seddon Purdy "]
[Site "SchemingMind.com"]
[Date "2009.04.21"]
[Round "-"]
[White "mokhtar"]
[Black "fjpv"]
[Result "0-1"]
[WhiteCountry "YEM"]
[BlackCountry "POR"]
[WhiteElo "2047"]
[WhiteRD "106"]
[BlackElo "2481"]
[BlackRD "79"]
[GameID "201028"]

1. e4 e5 2. Nf3 Nf6 3. Nxe5 d6 4. Nf3 Nxe4 5. d4 d5 6. Bd3 Be7 7. O-O Nc6 8. Re1 O-O 9. c4 Nb4 10. cxd5 Nf6
11. Nc3 Nfxd5 12. Be4 Be6 13. a3 Nc6 14. Qd3 h6 15. Bd2 Re8 16. h3 a6 17. Rac1 Qd7 18. Ne5 Nxe5 19. dxe5 Nxc3 20. Qxd7 Bxd7
21. Rxc3 c6 22. Rb3 Rab8 23. Rg3 Bh4 24. Rd3 Be6 25. Ba5 Bg5 26. Bb6 Rbc8 27. Rdd1 g6 28. Bb1 Bb3 29. Rd3 Be6 30. b4 Bd8
31. Bc5 a5 32. Bd6 Kg7
0-1

[Event "Cecil John Seddon Purdy "]
[Site "SchemingMind.com"]
[Date "2009.04.21"]
[Round "-"]
[White "pcmvr"]
[Black "Cesar Fuertes"]
[Result "1-0"]
[WhiteCountry "NED"]
[BlackCountry "ARG"]
[WhiteElo "2291"]
[WhiteRD "101"]
[BlackElo "1937"]
[BlackRD "86"]
[GameID "201272"]

1. b4 e5 2. Bb2 d6 3. c4 f5 4. e3 Nf6 5. Nf3 Be7 6. Nc3 O-O 7. d3 Qe8 8. Be2 Qg6 9. O-O Be6 10. g3 e4
11. Nd4 Bf7 12. Ndb5 Bd8 13. f3 Nc6 14. dxe4 Nxb4 15. Qb3 Na6 16. exf5 Qxf5 17. e4 Qg6 18. Nd4
1-0

[Event "Cecil John Seddon Purdy "]
[Site "SchemingMind.com"]
[Date "2009.04.21"]
[Round "-"]
[White "pcmvr"]
[Black "fjpv"]
[Result "0-1"]
[WhiteCountry "NED"]
[BlackCountry "POR"]
[WhiteElo "2301"]
[WhiteRD "89"]
[BlackElo "2481"]
[BlackRD "79"]
[GameID "201273"]

1. b4 e5 2. Bb2 Bxb4 3. f4 Nf6 4. Bxe5 O-O 5. e3 Nc6 6. Nc3 Nxe5 7. fxe5 Bxc3 8. dxc3 Ne4 9. Nf3 d5 10. exd6 Nxd6
11. Qd4 Qe7 12. Qf4 Re8 13. Bd3 h6 14. h4 b6 15. Kf2 Bb7 16. Rad1 Rad8 17. Rd2 Ne4+ 18. Bxe4 Rxd2+ 19. Nxd2 Bxe4 20. Nxe4 Qxe4
21. Qxe4 Rxe4 22. Ke2 Rg4 23. Kf3 Rc4 24. Ke2 Rxc3 25. Kd2 Ra3 26. Ra1 f6 27. Ke2 Kf7 28. h5 Ke6 29. Kf3 Ra5 30. g4 Ra4
31. Kg3 c6 32. Kf3 b5 33. Kg3 b4
0-1

[Event "Cecil John Seddon Purdy "]
[Site "SchemingMind.com"]
[Date "2009.04.21"]
[Round "-"]
[White "pcmvr"]
[Black "Space"]
[Result "1/2-1/2"]
[WhiteCountry "NED"]
[BlackCountry "SWE"]
[WhiteElo "2251"]
[WhiteRD "100"]
[BlackElo "2150"]
[BlackRD "93"]
[GameID "201274"]

1. b4 e5 2. Bb2 Bxb4 3. f4 d6 4. fxe5 dxe5 5. Bxe5 Nf6 6. Nf3 O-O 7. a3 Be7 8. e3 Nc6 9. Bb2 Ne4 10. Nc3 Bf6
11. Nxe4 Bxb2 12. Ra2 Be5 13. Qb1 Qe7 14. Nxe5 Nxe5 15. Qb4 Qh4+=
1/2-1/2

[Event "Cecil John Seddon Purdy "]
[Site "SchemingMind.com"]
[Date "2009.04.20"]
[Round "-"]
[White "pcmvr"]
[Black "MazetaFighter"]
[Result "1-0"]
[WhiteCountry "NED"]
[BlackCountry "GRE"]
[WhiteElo "2263"]
[WhiteRD "102"]
[BlackElo "1994"]
[BlackRD "61"]
[GameID "201275"]

1. b4 e5 2. Bb2 Bxb4 3. f4 d6 4. fxe5 dxe5 5. Bxe5 Nf6 6. Nf3 O-O 7. a3 Ba5 8. Bc3 Nc6 9. Bxa5 Nxa5 10. Nc3 Re8
11. e3 a6 12. Bd3 Nc6 13. h3 Nd5 14. Nxd5 Qxd5 15. O-O Ne5 16. Nxe5 Rxe5 17. Rf4 Bf5 18. Bc4 Qd7 19. Qf3 c6 20. d4 Ra5
21. Rf1
1-0

[Event "Cecil John Seddon Purdy "]
[Site "SchemingMind.com"]
[Date "2009.04.24"]
[Round "-"]
[White "pcmvr"]
[Black "mokhtar"]
[Result "1-0"]
[WhiteCountry "NED"]
[BlackCountry "YEM"]
[WhiteElo "2301"]
[WhiteRD "89"]
[BlackElo "2047"]
[BlackRD "106"]
[GameID "201276"]

1. b4 e5 2. Bb2 Bxb4 3. f4 Nc6 4. fxe5 Nh6 5. Nf3 Ng4 6. a3 Ba5 7. Bc3 d6 8. exd6 Qxd6 9. e3 Bf5 10. Bxa5 Nxa5
11. Bd3 Bg6 12. O-O O-O-O 13. Nc3 Bxd3 14. cxd3 Qxd3 15. Qa4 Nxe3 16. Qxa5 Nxf1 17. Rxf1 Qa6 18. Qf5+ Qe6 19. Qc2 Qg6 20. Qa4 a6
21. Re1 Kb8 22. Re7 Qb6+ 23. d4 g5 24. Re1 f6 25. Rb1 Qa7 26. h3 h5 27. Ne4 g4 28. Nc5 gxf3 29. Rxb7+ Qxb7 30. Nxb7 Kxb7
31. Qb3+
1-0

[Event "Cecil John Seddon Purdy "]
[Site "SchemingMind.com"]
[Date "2009.04.22"]
[Round "-"]
[White "Cesar Fuertes"]
[Black "pcmvr"]
[Result "0-1"]
[WhiteCountry "ARG"]
[BlackCountry "NED"]
[WhiteElo "1937"]
[WhiteRD "86"]
[BlackElo "2291"]
[BlackRD "101"]
[GameID "201277"]

1. d4 e6 2. c4 Nf6 3. Nc3 Bb4 4. e3 c5 5. Nf3 O-O 6. Bd3 d5 7. O-O dxc4 8. Bxc4 Nbd7 9. a3 cxd4 10. axb4 dxc3
11. bxc3 Qc7 12. Qe2 b6 13. Bb2 Bb7 14. Bb5 Rfd8 15. Rfd1 a5 16. bxa5 bxa5 17. c4 Ne4
0-1

[Event "Cecil John Seddon Purdy "]
[Site "SchemingMind.com"]
[Date "2009.04.21"]
[Round "-"]
[White "fjpv"]
[Black "pcmvr"]
[Result "1-0"]
[WhiteCountry "POR"]
[BlackCountry "NED"]
[WhiteElo "2481"]
[WhiteRD "79"]
[BlackElo "2301"]
[BlackRD "89"]
[GameID "201278"]

1. e4 e6 2. d4 d5 3. e5 c5 4. c3 Nc6 5. Nf3 Bd7 6. Be2 Nge7 7. dxc5 Ng6 8. Be3 Ngxe5 9. Nxe5 Nxe5 10. f4 Ng6
11. O-O Be7 12. f5 exf5 13. Na3 O-O 14. Qxd5 Qc8 15. b4 Be6 16. Qf3 f4 17. Bf2 Rd8 18. Rfd1 Rxd1+ 19. Rxd1 Bxa2 20. Nc4 Bb3
21. Rd2 Bxc4 22. Bxc4 Bf6 23. b5 Rb8 24. Bd5 Be7 25. h4 Qc7 26. b6 axb6 27. cxb6 Qe5 28. Re2 Qd6 29. Bxb7 Bxh4 30. Bxh4 Nxh4
31. Qc6 Qd1+ 32. Kf2 g5 33. Qc7 Rf8 34. Be4 Ng6 35. b7 g4 36. g3 fxg3+ 37. Qxg3 Qb3 38. Qd6 Kg7 39. Qd4+ f6 40. Qb4 Qxb4
41. cxb4 f5 42. Bc6 Rb8 43. Re8
1-0

[Event "Cecil John Seddon Purdy "]
[Site "SchemingMind.com"]
[Date "2009.04.22"]
[Round "-"]
[White "Space"]
[Black "pcmvr"]
[Result "1/2-1/2"]
[WhiteCountry "SWE"]
[BlackCountry "NED"]
[WhiteElo "2150"]
[WhiteRD "93"]
[BlackElo "2251"]
[BlackRD "100"]
[GameID "201279"]

1. e4 e6 2. d4 d5 3. Nd2 c5 4. Ngf3 cxd4 5. exd5 Qxd5 6. Bc4 Qd6 7. O-O Nf6 8. Nb3 Nc6 9. Nbxd4 Nxd4 10. Nxd4 a6
11. Re1 Qc7 12. Bb3 Bd6 13. h3 O-O 14. Bg5 b5 15. c3 Bb7 16. Bxf6 gxf6 17. Bxe6 fxe6 18. Nxe6 Qe7 19. Qg4+ Kh8 20. Nxf8 Qxf8
21. Rad1 Be5 22. Qd7=
1/2-1/2

[Event "Cecil John Seddon Purdy "]
[Site "SchemingMind.com"]
[Date "2009.04.21"]
[Round "-"]
[White "MazetaFighter"]
[Black "pcmvr"]
[Result "0-1"]
[WhiteCountry "GRE"]
[BlackCountry "NED"]
[WhiteElo "2004"]
[WhiteRD "61"]
[BlackElo "2301"]
[BlackRD "89"]
[GameID "201280"]

1. d4 e6 2. c4 Nf6 3. Nc3 Bb4 4. Qc2 O-O 5. a3 Bxc3+ 6. Qxc3 b6 7. Bg5 Bb7 8. e3 d6 9. f3 Nbd7 10. Bd3 c5
11. Ne2 Rc8 12. Qb3 h6 13. Bh4 d5 14. cxd5 Bxd5 15. Qd1 cxd4 16. Nxd4 Bc4 17. Bxc4 Rxc4 18. O-O Qe7 19. Qd2 Rfc8 20. Rac1 Qc5
21. Nb3 Qd5 22. Qxd5 exd5 23. Rxc4 dxc4 24. Nd4 c3 25. b4 Nd5 26. e4 Rc4 27. exd5 Rxd4 28. Bf2 Rd3 29. Rc1 c2 30. Rxc2 Rd1+
31. Be1 Rxe1+ 32. Kf2 Rd1 33. Rc8+ Kh7 34. Rc7 Rxd5 35. Rxa7 Ne5 36. f4 Rd2+ 37. Ke1 Nc4 38. Rc7 Rc2 39. a4 Ne3 40. Rxf7 Nxg2+
41. Kf1 Ne3+ 42. Ke1 Rxh2 43. a5 bxa5 44. bxa5 Ra2 45. Ra7 h5
0-1

[Event "Cecil John Seddon Purdy "]
[Site "SchemingMind.com"]
[Date "2009.04.24"]
[Round "-"]
[White "mokhtar"]
[Black "pcmvr"]
[Result "0-1"]
[WhiteCountry "YEM"]
[BlackCountry "NED"]
[WhiteElo "2047"]
[WhiteRD "106"]
[BlackElo "2301"]
[BlackRD "89"]
[GameID "201281"]

1. e4 e6 2. Nf3 d5 3. Nc3 Nf6 4. exd5 exd5 5. d4 Bg4 6. Be2 Bd6 7. O-O O-O 8. h3 Bf5 9. Re1 c6 10. Bd3 Bxd3
11. Qxd3 Nbd7 12. Bg5 Qb6 13. b3 Rfe8 14. a4 g6 15. Rad1 Kg7 16. g3 Qc7 17. Kg2 a6 18. Rxe8 Rxe8 19. Re1 Rxe1 20. Nxe1 Nf8
21. Qd2 Ne6 22. Bxf6+ Kxf6 23. Nf3 Kg7 24. Nd1 Qb6 25. Ne3 f5 26. Qe1 Kf7 27. Qc3 Be7 28. Qd2 Qb4 29. Qd3 Ng5 30. Ne5+ Kf6
0-1

[Event "Cecil John Seddon Purdy "]
[Site "SchemingMind.com"]
[Date "2009.04.24"]
[Round "-"]
[White "thebirdolux"]
[Black "Cesar Fuertes"]
[Result "1-0"]
[WhiteCountry "USA"]
[BlackCountry "ARG"]
[WhiteElo "2408"]
[WhiteRD "71"]
[BlackElo "1937"]
[BlackRD "86"]
[GameID "201580"]

1. Nf3 Nf6 2. d4 d5 3. c4 e6 4. Nc3 c6 5. e3 Nbd7 6. Qc2 Bd6 7. Bd3 O-O 8. O-O dxc4 9. Bxc4 e5 10. Rd1 Qe7
11. e4 exd4 12. Nxd4 Ne5 13. Be2 Rd8 14. Bf4 a6 15. Bg3 c5 16. Nf3 Nxf3+ 17. gxf3 Bc7 18. Rxd8+ Bxd8 19. Rd1 b6 20. f4 Bb7
21. e5 Nd7 22. Ne4 Bc7 23. Ng5 Nf8 24. Bc4 b5 25. Bxf7+ Kh8 26. Bd5 Bxd5 27. Rxd5
1-0